[Event "Bhubaneswar Pillai Memorial"]
[Site "Bhubaneswar"]
[Date "2016.11.20"]
[Round "1"]
[White "Naik, Dinabandhu"]
[Black "Prasannaa, S."]
[Result "0-1"]
[WhiteElo "1152"]
[BlackElo "2180"]
[PlyCount "82"]
[EventDate "2016.11.20"]
[EventType "swiss"]
[EventRounds "11"]
[EventCountry "IND"]
[SourceTitle "CBM 175 Extra"]
[Source "ChessBase"]
[SourceDate "2016.12.12"]
[SourceVersion "1"]
[SourceVersionDate "2016.12.12"]
[SourceQuality "1"]

1. g3 c5 2. b3 Nc6 3. Bb2 d5 4. Bg2 e5 5. d3 Nf6 6. Nf3 Bd6 7. c4 d4 8. 0-0 0-0 9. Nbd2 h6 10. Qe1 Bf5 11. Nh4 Bh7 12. Rd1 Nb4 13. Ne4 Nxe4 14. Bxe4 Bxe4 15. dxe4 Nxa2 16. Nf5 Nb4 17. Bc1 Re8 18. Rd2 Qc7 19. Qd1 Bf8 20. Rb2 Qc6 21. f3 a5 22. Rf2 a4 23. bxa4 Rxa4 24. Bd2 Rea8 25. Kg2 Ra1 26. Rb1 Qa4 27. Qc1 Rxb1 28. Qxb1 Qa1 29. Qxa1 Rxa1 30. f4 Rd1 31. e3 Nd3 32. Re2 Nb2 33. exd4 exd4 34. Ba5 Nxc4 35. Bc7 d3 36. Ra2 d2 37. Kh3 Re1 38. Ra8 d1Q 39. Ne7+ Kh7 40. Rxf8 Qh5+ 41. Kg2 Ne3+ 0-1